000 01954cam a22005054i 4500
003 PE-LiUPU
005 20250731173529.0
008 150616s r 000 0 d
020 _a0801092981
035 _a(Sirsi) i9780801092985
040 _aPE-LiUPU
_bspa
_cPE-LiUPU
_erda
049 _aPRUA
082 0 4 _b
_221
100 1 _aVaughan, John N.,
_eautor.
245 1 4 _aThe Large Church.
264 1 _aMichigan :
_bBaker Books House,
_c1985.
300 _a144 páginas ;
_c23 centímetros
336 _atext
_2rdacontent
337 _aunmediated
_2rdamedia
338 _avolume
_2rdacarrier
504 _aIncluye bibliografía.
505 0 _aFourteen issues related to large churches with satellite groups.- A selective history of large churches, past and present.- Images of church: a search for definitions.- Satellite models in the three churches.
526 _aSEG42
526 _aSEG41
526 _aSEG40
526 _aSEG39
526 _aP94
526 _aP87
526 _aP86
526 _aP85
526 _aP77
526 _aP76
526 _aP35
650 0 4 _aCRECIMIENTO DE IGLESIA.
910 _ajck
_bjvq
_cjck
942 _2ddc
_cBOOK
949 _a254.5 V37L
_wDEWEY
_c1
_i41874
_lCCODEBUL1
_mBUL
_r0
_sY
_tBOOK
_u2015-4-23
_xTEOLOGIA
_zUNKNOWN
_0COMPRA
_o.STAFF. Colección General
949 _a254.5 V37L
_wDEWEY
_c2
_i42221
_lCCODEBUL1
_mBUL
_r0
_sY
_tBOOK
_u2015-6-16
_xTEOLOGIA
_zUNKNOWN
_0COMPRA
_o.STAFF. Colección General
994 _aC0
_bPEPRU
596 _a1
999 _a254.5 V37L
_wDEWEY
_c60051
_i41874
_f2021-11-10
_g5
_lCCODEBUL1
_mBUL
_r0
_sY
_tBOOK
_u2015-4-23
_xTEOLOGIA
_zUNKNOWN
_0COMPRA
_o.STAFF. Colección General
_d60051
999 _a254.5 V37L
_wDEWEY
_c2
_i42221
_f2021-11-10
_g5
_lCCODEBUL1
_mBUL
_r0
_sY
_tBOOK
_u2015-6-16
_xTEOLOGIA
_zUNKNOWN
_0COMPRA
_o.STAFF. Colección General
980 _81
_gALBERTO SANCHEZ Responsable de Automatización